Ni con Lima ni con Buenos Aires: la formación de un Estado nacional en Charcas

Enregistré dans:
Détails bibliographiques
Auteur principal: Roca, José Luis (Auteur)
Format: Livre
Langue:espagnol
Publié: La Paz Plural 2007
Sujets:
Tags: Ajouter un tag
Pas de tags, Soyez le premier à ajouter un tag!

MARC

LEADER 00000nam a2200000 a 4500
001 UCI8843
003 CL-VaPUC
008 081009e20070000BO |||||||||||||||||spa|d
020 |a 9789995410766 
082 0 4 |a 984  |b ROC  |2 21 
100 0 |a Roca, José Luis  |e author  |9 532477 
245 1 0 |a Ni con Lima ni con Buenos Aires: la formación de un Estado nacional en Charcas 
300 |a 771 p 
942 |c BK 
945 |d 20081009 00:00:00  |a rbrito 
260 |a La Paz  |b Plural  |c 2007 
650 7 |a HISTORIA DE BOLIVIA SIGLOS 12-19  |2 CL-VaPUC  |9 532478 
651 0 |a Bolivia  |9 255454 
583 |a last modification  |c 20081009 00:00:00  |k Rodrigo Vera 
999 |c 331609  |d 331607 
952 |0 0  |1 0  |4 0  |6 984_000000000000000_ROC_2007  |7 0  |8 A  |9 418391  |a BIBHIS  |b BIBHIS  |d 2019-11-22  |i 4486234  |o 984 ROC 2007  |p 4486234  |r 2025-01-20  |w 2019-11-22  |y BK  |k HIS